| 000 | 00559nam a2200181 i 4500 | ||
|---|---|---|---|
| 001 | 86122 | ||
| 003 | ES-MaACL | ||
| 005 | 20230906175358.0 | ||
| 007 | t| | ||
| 008 | 041207s1976 mx ||||1| spa d | ||
| 100 | 1 |
_aKalecki, Michal. _967444 |
|
| 245 | 1 | 0 |
_aEconomía socialista y mixta / _cMichal Kalecki ; [traducción de: Ricardo Vinós]. |
| 250 | _a[1ª ed.]. | ||
| 260 |
_aMéxico, etc. : _bFondo de Cultura Económica de México, _c[1976] |
||
| 300 |
_a190 p. ; _c21 cm. |
||
| 700 | 1 |
_aVinós, Ricardo. _9115337 |
|
| 852 |
_aES-MaACL _jA-5673 _bR.94485 |
||
| 999 |
_c86122 _d86122 |
||